STN EN 12390-1: 2022 (73 1302), Skúšanie zatvrdnutého betónu Časť 1 Tvar, rozmery a iné požiadavky na skúšobné telesá a formy
Táto norma je slovenskou verziou európskej normy EN 12390-1: 2021. Preklad zabezpečil Úrad pre normalizáciu, metrológiu a skúšobníctvo Slovenskej republiky. Táto norma má rovnaké postavenie, ako majú oficiálne verzie
| Other Authors: | |
|---|---|
| Format: | Book |
| Language: | Slovak English |
| PhysicalDescription: | 12 strán grafy, obrázky 30 cm |
| Published: |
Bratislava
Úrad pre normalizáciu, metrológiu a skúšobníctvo Slovenskej republiky
2022
|
| Subjects: |
MARC
| LEADER | 00000cam a2200000 a 4500 | ||
|---|---|---|---|
| 001 | vtls012082596 | ||
| 003 | SK-MaSNL | ||
| 005 | 20260301104526.0 | ||
| 008 | 220105s2022 xo da f u 000 0 slo | ||
| 040 | |a SNK |b slo |c SNK |e AACR2 | ||
| 041 | 1 | |a slo |h eng | |
| 044 | |a xo |c SK | ||
| 046 | |a s |m 20220101 (účin.) | ||
| 072 | 7 | |a 691 |x Stavebné hmoty |2 konspekt | |
| 072 | 7 | |a 620.1/.2 |x Náuka o materiáli |2 konspekt | |
| 072 | 7 | |a 620.1 |2 2011 | |
| 080 | |a 691.32 |2 2011 | ||
| 080 | |a 006.7/.8 |2 2011 | ||
| 080 | |a (437.6) |2 2011 | ||
| 080 | |a (4) |2 2011 | ||
| 084 | |a 91.100.30 |2 ICS | ||
| 130 | 0 | |a STN 73 1302 (STN EN 12390-1) |9 443406 | |
| 245 | 1 | 0 | |a STN EN 12390-1: 2022 (73 1302), Skúšanie zatvrdnutého betónu |n Časť 1 |p Tvar, rozmery a iné požiadavky na skúšobné telesá a formy |
| 246 | 1 | 0 | |a Skúšanie zatvrdnutého betónu. Časť 1 |
| 246 | 1 | 0 | |a Tvar, rozmery a iné požiadavky na skúšobné telesá a formy |
| 246 | 3 | 0 | |a EN 12390-1: 2021 SK |
| 260 | |a Bratislava |b Úrad pre normalizáciu, metrológiu a skúšobníctvo Slovenskej republiky |c 2022 | ||
| 300 | |a 12 strán |b grafy, obrázky |c 30 cm | ||
| 500 | |a Súbežný názov v angličtine, francúzštine, nemčine | ||
| 500 | |a Spracovateľ: Jana Budáčová | ||
| 500 | |a Táto norma nahrádza STN EN 12390-1 z júna 2013 v celom rozsahu | ||
| 504 | |a Normatívne referenčné dokumenty, súvisiace právne predpisy s. 2 | ||
| 520 | 8 | |a Táto norma je slovenskou verziou európskej normy EN 12390-1: 2021. Preklad zabezpečil Úrad pre normalizáciu, metrológiu a skúšobníctvo Slovenskej republiky. Táto norma má rovnaké postavenie, ako majú oficiálne verzie | |
| 540 | |a STN vydané na akomkoľvek nosiči sa môžu rozmnožovať a rozširovať iba so súhlasom určenej právnickej osoby |b SÚTN Bratislava |c zákon 60/2018 Z. z. | ||
| 650 | 0 | 7 | |a betón |2 SNKPH |9 1685 |
| 650 | 0 | 7 | |a technické normy a štandardy |z Slovensko |2 SNKPH |9 79594 |
| 650 | 0 | 7 | |a technické normy a štandardy |z krajiny Európskej únie |2 SNKPH |9 289341 |
| 650 | 0 | 7 | |a skúšanie materiálov |2 SNKPH |9 4168 |
| 650 | 0 | 7 | |a Concrete |2 SNKPHeng |9 302547 |
| 650 | 0 | 7 | |a Material testing |2 SNKPHeng |9 266886 |
| 655 | 7 | |a normy |2 SNKPH |9 70643 | |
| 700 | 1 | |a Budáčová, Jana |4 trl |9 302548 | |
| 710 | 1 | |a Slovensko. |b Úrad pre normalizáciu, metrológiu a skúšobníctvo |4 stn |9 158117 | |
| 710 | 2 | |a Slovenský ústav technickej normalizácie (Bratislava, Slovensko). |b Technická komisia č. 123 Výroba, skúšanie betónu a zhotovovanie betónových konštrukcií |4 stn |9 302549 | |
| 852 | |a Štátna vedecká knižnica v Banskej Bystrici | ||
| 958 | |a OP | ||
| 958 | |a NB | ||
| 999 | |c 698352 |d 700282 | ||
| 952 | |a SNK |b SNK |y PREZ |7 0 |p 17A1478982 |o snkSTN EN 12390-1 |i snk2023/11647 |8 0 |0 0 |1 0 |4 0 |d 2023-08-03 |l 0 |r 2026-02-23 20:48:48 |w 2026-02-23 | ||


